LIBRARY & INFORMATION CENTRE, KCAET, TAVANUR

ONLINE PUBLIC ACCESS CATALOGUE (OPAC)

Design fabrication and testing of an arecanut dehusker (Record no. 15272)

MARC details
000 -LEADER
fixed length control field 00546nam a22001697a 4500
003 - CONTROL NUMBER IDENTIFIER
control field OSt
088 ## - REPORT NUMBER
Report number T 34
100 ## - MAIN ENTRY--AUTHOR NAME
Personal name FEBI VARGHESE
245 ## - TITLE STATEMENT
Title Design fabrication and testing of an arecanut dehusker
260 ## - PUBLICATION, DISTRIBUTION, ETC. (IMPRINT)
Place of publication Tavanur 1993
Name of publisher Kelappaji College of Agricultrual Engineering and Technology
300 ## - PHYSICAL DESCRIPTION
Number of Pages 112
500 ## - GENERAL NOTE
General note Design fabrication and testing of an arecanut dehusker
520 ## - SUMMARY, ETC.
Summary, etc Design fabrication and testing of an arecanut dehusker
700 ## - ADDED ENTRY--PERSONAL NAME
Personal name Er. Jippu Jacob (Guide)
942 ## - ADDED ENTRY ELEMENTS (KOHA)
Koha item type Theses
Holdings
Collection code Home library Current library Shelving location Full call number Accession Number Koha item type Public note
Reference KAUAET KAUAET Reference 631.3 FEB/DE T 34 Theses M.Tech Thesis
free website counter